Sức mạnh vô hạn : Giải tích toán khám phá bí mật của Vũ trụ như thế nào?
Sách cung cấp nhiều lý thuyết cơ bản về giải tích toán học, phép tính vi phân, qua đó chúng có thể chứng minh, giải thích và khám phá ra những bí mật của vũ trụ
Enregistré dans:
| Auteur principal: | |
|---|---|
| Autres auteurs: | |
| Format: | Livre |
| Langue: | Vietnamese |
| Publié: |
Tp. Hồ Chí Minh
Trẻ
2024
|
| Édition: | In lần thứ 1 |
| Sujets: | |
| Tags: |
Ajouter un tag
Pas de tags, Soyez le premier à ajouter un tag!
|
| Thư viện lưu trữ: | Thư viện Trường Đại học Nam Cần Thơ |
|---|
| LEADER | 01409nam a22002417a 4500 | ||
|---|---|---|---|
| 001 | NCT_4_018632 | ||
| 008 | 250512b xxu||||| |||| 00| 0 vie d | ||
| 999 | |c 8900 |d 8900 | ||
| 020 | |a 9786041241190 |c 250000 | ||
| 082 | 0 | 4 | |2 23rd ed. |a 515 |b S921 |
| 100 | 1 | |a Strogatz, Steven | |
| 245 | 1 | 0 | |a Sức mạnh vô hạn : |b Giải tích toán khám phá bí mật của Vũ trụ như thế nào? |c Steven Strogatz ; Phạm Văn Thiều (Dịch) |
| 250 | |a In lần thứ 1 | ||
| 260 | |a Tp. Hồ Chí Minh |b Trẻ |c 2024 | ||
| 300 | |a 486 tr. |b Minh họa |c 21cm | ||
| 500 | |a Tên sách tiếng Anh: Infinite Powers: How Calculus Reveals the Secrets of the Universe | ||
| 520 | 3 | |a Sách cung cấp nhiều lý thuyết cơ bản về giải tích toán học, phép tính vi phân, qua đó chúng có thể chứng minh, giải thích và khám phá ra những bí mật của vũ trụ | |
| 653 | |a Khoa học cơ bản | ||
| 700 | 1 | |a Phạm Văn Thiều |e Dịch | |
| 942 | |2 ddc |c BK | ||
| 952 | |0 0 |1 0 |2 ddc |4 0 |6 515_000000000000000_S921 |7 0 |9 30576 |a 000001 |b 000001 |d 2025-05-12 |o 515 S921 |p MD.23708 |r 2025-05-12 |v 250000.00 |w 2025-05-12 |y BK | ||
| 952 | |0 0 |1 0 |2 ddc |4 0 |6 515_000000000000000_S921 |7 0 |9 30577 |a 000001 |b 000001 |d 2025-05-12 |o 515 S921 |p MD.23709 |r 2025-05-12 |v 250000.00 |w 2025-05-12 |y BK | ||
| 980 | |a Thư viện Trường Đại học Nam Cần Thơ | ||


